Top 10 Songs by Billy Squier - Statistics

General Stats
  • This quiz has been taken 4 times
  • The average score is 3 of 10
Answer Stats
Hint Answer % Correct
1 The Stroke
100%
4 In the Dark
50%
2 Lonely is the Night
50%
7 Emotions in Motion
25%
3 Everybody Wants You
25%
5 My Kinda Lover
25%
6 Rock Me Tonite
25%
10 Love is a Hero
0%
8 She's a Runner
0%
9 The Big Beat
0%
No matching quizzes found
Score Distribution
Percent of People with Each Score
Percentile by Number Answered
Your Score History
You have not taken this quiz